000 00290nam a22001337a 4500
008 170511b xxu||||| |||| 00| 0 eng d
020 _a9780314220622
041 _aeng
080 _210 ED
_a34
100 _a15
101 _aSHJ
245 _aBUSSINES LAW
_cMANN.R.A
942 _2udc
_cBK
999 _c13099
_d13099